[Event "Stay Safe Play From Home 413"]
[Site "Emanuel Lasker Arena"]
[Date "2020.08.26"]
[Round "5"]
[White "Nguyen Hong Anh"]
[Black "MihailoVujic"]
[Result "0-1"]
[WhiteElo "2200"]
[BlackElo "2113"]
[PlyCount "64"]
[EventDate "2020.08.26"]
[EventType "swiss (blitz)"]

1. d4 {[%emt 0:00:02]} d5 {[%emt 0:00:01]} 2. c4 {[%emt 0:00:01]} e5 {[%emt 0:00:00]} 3. dxe5 {[%emt 0:00:02]} d4 {[%emt 0:00:00]} 4. Nf3 {[%emt 0:00:01]} Nc6 {[%emt 0:00:00]} 5. a3 {[%emt 0:00:01]} Nge7 {[%emt 0:00:01]} 6. Nbd2 {[%emt 0:00:01]} Ng6 {[%emt 0:00:04]} 7. Nb3 {[%emt 0:00:02]} Ngxe5 {[%emt 0:00:01]} 8. Nfxd4 {[%emt 0:00:01]} Nxd4 {[%emt 0:00:02]} 9. Nxd4 {[%emt 0:00:01]} c5 {[%emt 0:00:07]} 10. Nb5 {[%emt 0:00:01]} Bd7 {[%emt 0:01:38]} 11. Bf4 {[%emt 0:00:18]} Bxb5 {[%emt 0:00:03]} 12. cxb5 {[%emt 0:00:02]} Qf6 {[%emt 0:00:19]} 13. e3 {[%emt 0:00:03]} Rd8 {[%emt 0:00:13]} 14. Qa4 {[%emt 0:00:02]} Bd6 {[%emt 0:00:38]} 15. b6+ {[%emt 0:00:14]} Nc6 {[%emt 0:00:01]} 16. Bxd6 {[%emt 0:00:04]} Qxd6 {[%emt 0:00:00]} 17. Bb5 {[%emt 0:00:15]} axb6 {[%emt 0:00:06]} 18. O-O {[%emt 0:00:05]} O-O {[%emt 0:00:01]} 19. h3 {[%emt 0:00:07]} Ne5 {[%emt 0:00:02]} 20. Qf4 {[%emt 0:00:06]} Qf6 {[%emt 0:00:05]} 21. Rad1 {[%emt 0:00:03]} Qxf4 {[%emt 0:00:03]} 22. exf4 {[%emt 0:00:01]} Nc6 {[%emt 0:00:00]} 23. Rfe1 {[%emt 0:00:11]} Rxd1 {[%emt 0:00:04]} 24. Rxd1 {[%emt 0:00:01]} Nd4 {[%emt 0:00:00]} 25. Bc4 {[%emt 0:00:02]} Rd8 {[%emt 0:00:01]} 26. Re1 {[%emt 0:00:06]} Kf8 {[%emt 0:00:03]} 27. b4 {[%emt 0:00:02]} b5 {[%emt 0:00:02]} 28. Bf1 {[%emt 0:00:09]} c4 {[%emt 0:00:04]} 29. Re5 {[%emt 0:00:07]} b6 {[%emt 0:00:08]} 30. a4 {[%emt 0:00:05]} c3 {[%emt 0:00:03]} 31. axb5 {[%emt 0:00:03]} c2 {[%emt 0:00:01]} 32. Re1 {[%emt 0:00:01]} Nb3 {[%emt 0:00:01] Nguyen Hong Anh resigns Nguyen Hong Anh resigns Nguyen Hong Anh resigns (Lag: Av=1.14s, max=1.7s) (Lag: Av=1.14s, max=1.7s) (Lag: Av=1.14s, max=1.7s)} 0-1

[Event "Stay Safe Play From Home 413"]
[Site "Emanuel Lasker Arena"]
[Date "2020.08.26"]
[Round "5"]
[White "ionelluca"]
[Black "Dukic"]
[Result "1-0"]
[WhiteElo "2044"]
[BlackElo "1843"]
[PlyCount "73"]
[EventDate "2020.08.26"]
[EventType "swiss (blitz)"]

1. c4 {[%emt 0:00:12]} c6 {[%emt 0:01:33]} 2. g3 {[%emt 0:00:03]} d6 {[%emt 0:00:01]} 3. Bg2 {[%emt 0:00:01]} Nd7 {[%emt 0:00:00]} 4. d3 {[%emt 0:00:01]} e5 {[%emt 0:00:00]} 5. Nc3 {[%emt 0:00:01]} Be7 {[%emt 0:00:01]} 6. Bd2 {[%emt 0:00:01]} h5 {[%emt 0:00:01]} 7. h4 {[%emt 0:00:06]} Ngf6 {[%emt 0:00:03]} 8. Nh3 {[%emt 0:00:01]} Ng4 {[%emt 0:00:02]} 9. Ng5 {[%emt 0:00:04]} Qb6 {[%emt 0:00:04]} 10. O-O {[%emt 0:00:03]} Qxb2 {[%emt 0:00:01]} 11. Rb1 {[%emt 0:00:05]} Qa3 {[%emt 0:00:01]} 12. Rb3 {[%emt 0:00:12]} Qa6 {[%emt 0:00:07]} 13. f3 {[%emt 0:00:49]} Ngf6 {[%emt 0:00:17]} 14. f4 {[%emt 0:00:08]} Nc5 {[%emt 0:00:02]} 15. Rb1 {[%emt 0:00:29]} O-O {[%emt 0:00:15]} 16. Be3 {[%emt 0:00:22]} Ng4 {[%emt 0:00:09]} 17. Bxc5 {[%emt 0:00:02]} dxc5 {[%emt 0:00:01]} 18. Qd2 {[%emt 0:00:11]} exf4 {[%emt 0:00:07]} 19. gxf4 {[%emt 0:00:06]} Bf6 {[%emt 0:00:03]} 20. Nce4 {[%emt 0:00:15]} Bd4+ {[%emt 0:00:01]} 21. Kh1 {[%emt 0:00:01]} f5 {[%emt 0:00:05]} 22. Nd6 {[%emt 0:00:13]} Rb8 {[%emt 0:00:15]} 23. e4 {[%emt 0:00:06]} g6 {[%emt 0:00:12]} 24. e5 {[%emt 0:00:07]} Bd7 {[%emt 0:00:14]} 25. Rb3 {[%emt 0:00:20]} b5 {[%emt 0:00:19]} 26. cxb5 {[%emt 0:00:12]} cxb5 {[%emt 0:00:07]} 27. Bd5+ {[%emt 0:00:01]} Kg7 {[%emt 0:00:01]} 28. Qg2 {[%emt 0:00:09]} Ne3 {[%emt 0:00:11]} 29. Qf3 {[%emt 0:00:07]} Nxf1 {[%emt 0:00:02]} 30. Qxf1 {[%emt 0:00:01]} Qxa2 {[%emt 0:00:26]} 31. Qg2 {[%emt 0:00:02]} Qxg2+ {[%emt 0:00:05]} 32. Kxg2 {[%emt 0:00:02]} Rb6 {[%emt 0:00:01]} 33. Ne6+ {[%emt 0:00:05]} Bxe6 {[%emt 0:00:02]} 34. Bxe6 {[%emt 0:00:01]} b4 {[%emt 0:00:05]} 35. Bd5 {[%emt 0:00:03]} a5 {[%emt 0:00:02]} 36. Nc4 {[%emt 0:00:01]} Rb5 {[%emt 0:00:01]} 37. Nd6 {[%emt 0:00:01] Zeit Zeit Zeit (Lag: Av=0.44s, max=0.9s) (Lag: Av=0.44s, max=0.9s) (Lag: Av=0.44s, max=0.9s)} 1-0

[Event "Stay Safe Play From Home 413"]
[Site "Emanuel Lasker Arena"]
[Date "2020.08.26"]
[Round "5"]
[White "lazieri3"]
[Black "Hickey"]
[Result "1-0"]
[WhiteElo "1981"]
[BlackElo "2144"]
[PlyCount "67"]
[EventDate "2020.08.26"]
[EventType "swiss (blitz)"]

1. e4 {[%emt 0:00:02]} c6 {[%emt 0:00:04]} 2. d4 {[%emt 0:00:08]} d5 {[%emt 0:00:00]} 3. Nc3 {[%emt 0:00:02]} dxe4 {[%emt 0:00:00]} 4. Nxe4 {[%emt 0:00:00]} Nf6 {[%emt 0:00:00]} 5. Nxf6+ {[%emt 0:00:01]} exf6 {[%emt 0:00:00]} 6. Nf3 {[%emt 0:00:01]} Bd6 {[%emt 0:00:00] lazieri3 offers a draw} 7. Bd3 {[%emt 0:00:01]} O-O {[%emt 0:00:03]} 8. O-O {[%emt 0:00:01]} Bg4 {[%emt 0:00:01]} 9. h3 {[%emt 0:00:00]} Bh5 {[%emt 0:00:01]} 10. Be3 {[%emt 0:00:01]} Re8 {[%emt 0:00:03]} 11. Be2 {[%emt 0:00:01]} Bc7 {[%emt 0:00:02]} 12. g3 {[%emt 0:00:12]} Nd7 {[%emt 0:00:14]} 13. Kg2 {[%emt 0:00:13]} Nf8 {[%emt 0:00:07]} 14. Nd2 {[%emt 0:00:02]} Bxe2 {[%emt 0:00:07]} 15. Qxe2 {[%emt 0:00:00]} f5 {[%emt 0:00:00]} 16. Qf3 {[%emt 0:00:09]} Qd6 {[%emt 0:00:15]} 17. c3 {[%emt 0:00:11]} Ng6 {[%emt 0:00:09]} 18. Nc4 {[%emt 0:00:03]} Qe6 {[%emt 0:00:02]} 19. Ne5 {[%emt 0:00:43]} Bxe5 {[%emt 0:00:23]} 20. dxe5 {[%emt 0:00:00]} Nxe5 {[%emt 0:00:00]} 21. Qf4 {[%emt 0:00:19]} Qd5+ {[%emt 0:00:10]} 22. f3 {[%emt 0:00:02]} Ng6 {[%emt 0:00:04]} 23. Qd4 {[%emt 0:00:02]} Qb5 {[%emt 0:00:15]} 24. Qd2 {[%emt 0:00:22]} Rad8 {[%emt 0:00:04]} 25. Qf2 {[%emt 0:00:01]} f4 {[%emt 0:00:04]} 26. Bxf4 {[%emt 0:00:04]} Nxf4+ {[%emt 0:00:03]} 27. gxf4 {[%emt 0:00:01]} Re2 {[%emt 0:00:03]} 28. Qxe2 {[%emt 0:00:07]} Qxe2+ {[%emt 0:00:00]} 29. Rf2 {[%emt 0:00:00]} Qe3 {[%emt 0:00:02]} 30. Raf1 {[%emt 0:00:18]} Qxf4 {[%emt 0:00:05]} 31. Re2 {[%emt 0:00:01]} h6 {[%emt 0:00:03]} 32. Rff2 {[%emt 0:00:05]} Rd6 {[%emt 0:00:03]} 33. Re4 {[%emt 0:00:04]} Rd5 {[%emt 0:00:00]} 34. Rxf4 {[%emt 0:00:01] Hickey resigns Hickey resigns Hickey resigns (Lag: Av=0.68s, max=1.2s) (Lag: Av=0.68s, max=1.2s) (Lag: Av=0.68s, max=1.2s)} 1-0

[Event "Stay Safe Play From Home 413"]
[Site "Emanuel Lasker Arena"]
[Date "2020.08.26"]
[Round "5"]
[White "Tvtower68"]
[Black "Andy416"]
[Result "0-1"]
[WhiteElo "1752"]
[BlackElo "2178"]
[Annotator "NA"]
[PlyCount "42"]
[EventDate "2020.08.26"]
[EventType "swiss (blitz)"]

1. e4 {[%emt 0:00:02]} e5 {[%emt 0:00:05]} 2. Nf3 {[%emt 0:00:01]} Nc6 {[%emt 0:00:02]} 3. Bc4 {[%emt 0:00:01]} Nf6 {[%emt 0:00:04]} 4. Ng5 {[%emt 0:00:01]} d5 {[%emt 0:00:05]} 5. exd5 {[%emt 0:00:01]} b5 {[%emt 0:00:08]} 6. dxc6 {[%emt 0:00:25]} bxc4 {[%emt 0:00:03]} 7. Qe2 {[%emt 0:00:03]} Qd5 {[%emt 0:00:06]} 8. Nc3 {[%emt 0:00:05]} Qxg2 {[%emt 0:00:06]} 9. Qxe5+ {[%emt 0:00:11]} Be7 {[%emt 0:00:06]} 10. Rf1 {[%emt 0:00:59]} O-O {[%emt 0:00:11]} 11. Qg3 {[%emt 0:00:08]} Qxc6 {[%emt 0:00:15]} 12. Rg1 {[%emt 0:00:04]} Bd6 {[%emt 0:00:08]} 13. f4 {[%emt 0:00:10]} Re8+ {[%emt 0:00:12]} 14. Kf1 {[%emt 0:00:12]} Nh5 {[%emt 0:00:08]} 15. Qh4 {[%emt 0:00:10]} g6 {[%emt 0:00:02]} 16. d4 {[%emt 0:00:13]} cxd3 {[%emt 0:00:06]} 17. cxd3 {[%emt 0:00:01]} Qa6 {[%emt 0:00:21]} 18. Rg3 {[%emt 0:00:06]} Nxg3+ {[%emt 0:00:06]} 19. hxg3 {[%emt 0:00:05]} Qxd3+ {[%emt 0:00:07]} 20. Kg1 {[%emt 0:00:08]} Re1+ {[%emt 0:00:05]} 21. Kf2 {[%emt 0:00:22]} Qf1# {[%emt 0:00:23] Mate Mate Mate (Lag: Av=0.51s, max=0.8s) (Lag: Av=0.51s, max=0.8s) (Lag: Av=0.51s, max=0.8s)} 0-1

[Event "Stay Safe Play From Home 413"]
[Site "Emanuel Lasker Arena"]
[Date "2020.08.26"]
[Round "5"]
[White "Intelli solutions"]
[Black "Kongle"]
[Result "0-1"]
[WhiteElo "1545"]
[BlackElo "1680"]
[Annotator "NA"]
[PlyCount "72"]
[EventDate "2020.08.26"]
[EventType "swiss (blitz)"]

1. e4 {[%emt 0:00:03]} c5 {[%emt 0:00:02]} 2. Nc3 {[%emt 0:00:04]} d6 {[%emt 0:00:02]} 3. Nf3 {[%emt 0:00:01]} Nf6 {[%emt 0:00:01]} 4. d4 {[%emt 0:00:03]} cxd4 {[%emt 0:00:02]} 5. Nxd4 {[%emt 0:00:01]} g6 {[%emt 0:00:02]} 6. h3 {[%emt 0:00:06]} Bg7 {[%emt 0:00:01]} 7. Nf3 {[%emt 0:00:04]} Nc6 {[%emt 0:00:02]} 8. Bb5 {[%emt 0:00:03]} O-O {[%emt 0:00:02]} 9. Bxc6 {[%emt 0:00:03]} bxc6 {[%emt 0:00:03]} 10. O-O {[%emt 0:00:02]} a5 {[%emt 0:00:03]} 11. a4 {[%emt 0:00:02]} Ba6 {[%emt 0:00:03]} 12. Re1 {[%emt 0:00:02]} Rb8 {[%emt 0:00:01]} 13. Ne2 {[%emt 0:00:09]} Rb4 {[%emt 0:00:09]} 14. Ng3 {[%emt 0:00:05]} h6 {[%emt 0:00:09]} 15. c3 {[%emt 0:00:02]} Rb7 {[%emt 0:00:19]} 16. e5 {[%emt 0:00:03]} Nd5 {[%emt 0:00:05]} 17. exd6 {[%emt 0:00:05]} exd6 {[%emt 0:00:02]} 18. Nd4 {[%emt 0:00:05]} Qc7 {[%emt 0:00:12]} 19. Be3 {[%emt 0:00:10]} Rxb2 {[%emt 0:00:07]} 20. Rb1 {[%emt 0:00:04]} Rfb8 {[%emt 0:00:10]} 21. Rxb2 {[%emt 0:00:05]} Rxb2 {[%emt 0:00:01]} 22. Qc1 {[%emt 0:00:26]} Rb8 {[%emt 0:00:17]} 23. c4 {[%emt 0:00:17]} Nxe3 {[%emt 0:00:04]} 24. fxe3 {[%emt 0:00:08]} Rb4 {[%emt 0:00:13]} 25. Ne4 {[%emt 0:00:14]} Rxc4 {[%emt 0:00:05]} 26. Qd2 {[%emt 0:00:07]} Rxa4 {[%emt 0:00:04]} 27. Rc1 {[%emt 0:00:05]} c5 {[%emt 0:00:03]} 28. Nf3 {[%emt 0:00:06]} Ra3 {[%emt 0:00:26]} 29. Qxd6 {[%emt 0:00:24]} Qxd6 {[%emt 0:00:06]} 30. Nxd6 {[%emt 0:00:02]} Rxe3 {[%emt 0:00:07]} 31. Rxc5 {[%emt 0:00:02]} Rd3 {[%emt 0:00:07]} 32. Ne4 {[%emt 0:00:16]} Rxf3 {[%emt 0:00:10]} 33. gxf3 {[%emt 0:00:04]} Bd4+ {[%emt 0:00:03]} 34. Kg2 {[%emt 0:00:01]} Bxc5 {[%emt 0:00:01]} 35. h4 {[%emt 0:00:04]} Bd4 {[%emt 0:00:03]} 36. Nd6 {[%emt 0:00:04]} a4 {[%emt 0:00:03] Intelli solutions resigns Intelli solutions resigns Intelli solutions resigns} 0-1

[Event "Stay Safe Play From Home 413"]
[Site "Emanuel Lasker Arena"]
[Date "2020.08.26"]
[Round "6"]
[White "Mepe_Nika"]
[Black "MihailoVujic"]
[Result "0-1"]
[WhiteElo "2324"]
[BlackElo "2134"]
[PlyCount "166"]
[EventDate "2020.08.26"]
[EventType "swiss (blitz)"]

1. d4 {[%emt 0:00:01]} d5 {[%emt 0:00:01]} 2. Bf4 {[%emt 0:00:01]} Nc6 {[%emt 0:00:02]} 3. e3 {[%emt 0:00:01]} f6 {[%emt 0:00:01] MihailoVujic offers a draw} 4. Nf3 {[%emt 0:00:23]} Bg4 {[%emt 0:00:02]} 5. h3 {[%emt 0:00:04]} Bxf3 {[%emt 0:00:03]} 6. Qxf3 {[%emt 0:00:00]} e5 {[%emt 0:00:01]} 7. dxe5 {[%emt 0:00:15]} fxe5 {[%emt 0:00:00]} 8. Bg3 {[%emt 0:00:02]} Nf6 {[%emt 0:00:07]} 9. Bb5 {[%emt 0:00:01]} e4 {[%emt 0:00:08]} 10. Qf5 {[%emt 0:00:12]} Qe7 {[%emt 0:00:12]} 11. Nc3 {[%emt 0:00:05]} a6 {[%emt 0:00:15]} 12. Bxc6+ {[%emt 0:00:21]} bxc6 {[%emt 0:00:01]} 13. O-O {[%emt 0:00:01]} g6 {[%emt 0:00:02]} 14. Qe5 {[%emt 0:00:05]} Rc8 {[%emt 0:00:17]} 15. Ne2 {[%emt 0:00:04]} Qxe5 {[%emt 0:00:04]} 16. Bxe5 {[%emt 0:00:00]} Bg7 {[%emt 0:00:01]} 17. c4 {[%emt 0:00:01]} Kf7 {[%emt 0:00:18]} 18. Rac1 {[%emt 0:00:02]} Rhe8 {[%emt 0:00:09]} 19. Bh2 {[%emt 0:00:05]} Nd7 {[%emt 0:00:09]} 20. cxd5 {[%emt 0:00:02]} cxd5 {[%emt 0:00:02]} 21. Rc6 {[%emt 0:00:09]} Bxb2 {[%emt 0:00:05]} 22. Rd1 {[%emt 0:00:36]} Nf6 {[%emt 0:00:19]} 23. g4 {[%emt 0:00:30]} Re6 {[%emt 0:00:39]} 24. Rxe6 {[%emt 0:00:02]} Kxe6 {[%emt 0:00:00]} 25. Nf4+ {[%emt 0:00:00]} Kf7 {[%emt 0:00:04]} 26. g5 {[%emt 0:00:01]} Nd7 {[%emt 0:00:23]} 27. Nxd5 {[%emt 0:00:11]} Be5 {[%emt 0:00:01]} 28. Nb4 {[%emt 0:00:21]} Bxh2+ {[%emt 0:00:02]} 29. Kxh2 {[%emt 0:00:00]} Ne5 {[%emt 0:00:11]} 30. Nxa6 {[%emt 0:00:12]} Nd3 {[%emt 0:00:10]} 31. f3 {[%emt 0:00:20]} Ra8 {[%emt 0:00:02]} 32. fxe4 {[%emt 0:00:03]} Rxa6 {[%emt 0:00:02]} 33. Rxd3 {[%emt 0:00:01]} Rxa2+ {[%emt 0:00:01]} 34. Kg3 {[%emt 0:00:00]} Ke6 {[%emt 0:00:02]} 35. Rd8 {[%emt 0:00:05]} Re2 {[%emt 0:00:05]} 36. Rh8 {[%emt 0:00:03]} Rxe3+ {[%emt 0:00:01]} 37. Kg2 {[%emt 0:00:04]} Rxe4 {[%emt 0:00:06]} 38. Rxh7 {[%emt 0:00:01]} c5 {[%emt 0:00:01]} 39. Kf3 {[%emt 0:00:05]} Re5 {[%emt 0:00:15]} 40. h4 {[%emt 0:00:01]} Kd5 {[%emt 0:00:03]} 41. Rg7 {[%emt 0:00:05]} Re6 {[%emt 0:00:01]} 42. Rd7+ {[%emt 0:00:03]} Ke5 {[%emt 0:00:05]} 43. Rc7 {[%emt 0:00:02]} Kd4 {[%emt 0:00:01]} 44. Rd7+ {[%emt 0:00:05]} Kc3 {[%emt 0:00:01]} 45. Kf4 {[%emt 0:00:01]} c4 {[%emt 0:00:01]} 46. h5 {[%emt 0:00:01]} gxh5 {[%emt 0:00:01]} 47. Kf5 {[%emt 0:00:00]} Re1 {[%emt 0:00:02]} 48. g6 {[%emt 0:00:00]} Rg1 {[%emt 0:00:01]} 49. g7 {[%emt 0:00:01]} h4 {[%emt 0:00:01]} 50. Kf6 {[%emt 0:00:02]} h3 {[%emt 0:00:01]} 51. Rd5 {[%emt 0:00:04]} Rf1+ {[%emt 0:00:03]} 52. Ke7 {[%emt 0:00:01] Mepe_Nika offers a draw Mepe_Nika offers a draw Mepe_Nika offers a draw} Rg1 {[%emt 0:00:01]} 53. Kf7 {[%emt 0:00:01]} h2 {[%emt 0:00:01]} 54. Rh5 {[%emt 0:00:00]} Rf1+ {[%emt 0:00:00]} 55. Ke6 {[%emt 0:00:01]} Rg1 {[%emt 0:00:01]} 56. Kf6 {[%emt 0:00:00]} h1=Q {[%emt 0:00:01]} 57. Rxh1 {[%emt 0:00:01]} Rxh1 {[%emt 0:00:00]} 58. g8=Q {[%emt 0:00:00]} Rf1+ {[%emt 0:00:00]} 59. Ke6 {[%emt 0:00:00]} Rf3 {[%emt 0:00:00]} 60. Kd5 {[%emt 0:00:00]} Rd3+ {[%emt 0:00:00]} 61. Kc5 {[%emt 0:00:00]} Re3 {[%emt 0:00:00]} 62. Qg7+ {[%emt 0:00:00]} Kd2 {[%emt 0:00:01]} 63. Qd4+ {[%emt 0:00:00]} Rd3 {[%emt 0:00:00]} 64. Qe3+ {[%emt 0:00:00]} Rxe3 {[%emt 0:00:01]} 65. Kxc4 {[%emt 0:00:00]} Rd3 {[%emt 0:00:00]} 66. Kb4 {[%emt 0:00:00]} Re3 {[%emt 0:00:00]} 67. Ka4 {[%emt 0:00:00]} Re2 {[%emt 0:00:00]} 68. Ka5 {[%emt 0:00:00]} Re1 {[%emt 0:00:00]} 69. Ka6 {[%emt 0:00:00]} Rc1 {[%emt 0:00:00]} 70. Kb5 {[%emt 0:00:00]} Rc3 {[%emt 0:00:00]} 71. Ka4 {[%emt 0:00:00]} Kd3 {[%emt 0:00:00]} 72. Kb4 {[%emt 0:00:00]} Kd4 {[%emt 0:00:00]} 73. Kb5 {[%emt 0:00:00]} Rc4 {[%emt 0:00:00]} 74. Kb6 {[%emt 0:00:00]} Kd3 {[%emt 0:00:00]} 75. Kb5 {[%emt 0:00:00]} Rd4 {[%emt 0:00:00]} 76. Kb6 {[%emt 0:00:00]} Kc3 {[%emt 0:00:00]} 77. Kb5 {[%emt 0:00:00]} Rc4 {[%emt 0:00:00]} 78. Ka5 {[%emt 0:00:00]} Kd4 {[%emt 0:00:00]} 79. Ka6 {[%emt 0:00:00]} Kd5 {[%emt 0:00:00]} 80. Kb5 {[%emt 0:00:00]} Rd4 {[%emt 0:00:01]} 81. Kb6 {[%emt 0:00:00]} Rb4+ {[%emt 0:00:01]} 82. Kc7 {[%emt 0:00:01]} Rb2 {[%emt 0:00:00]} 83. Kd7 {[%emt 0:00:00]} Rb7+ {[%emt 0:00:01] Time Time Time (Lag: Av=0.77s, max=1.8s) (Lag: Av=0.77s, max=1.8s) (Lag: Av=0.77s, max=1.8s)} 0-1

[Event "Stay Safe Play From Home 413"]
[Site "Emanuel Lasker Arena"]
[Date "2020.08.26"]
[Round "6"]
[White "Andy416"]
[Black "lazieri3"]
[Result "1/2-1/2"]
[WhiteElo "2181"]
[BlackElo "2005"]
[Annotator "NA"]
[PlyCount "42"]
[EventDate "2020.08.26"]
[EventType "swiss (blitz)"]

1. e4 {[%emt 0:00:06]} c6 {[%emt 0:00:00]} 2. d4 {[%emt 0:00:04]} d5 {[%emt 0:00:04]} 3. exd5 {[%emt 0:00:01]} cxd5 {[%emt 0:00:00]} 4. Nf3 {[%emt 0:00:02]} Nf6 {[%emt 0:00:01]} 5. Bf4 {[%emt 0:00:04]} Nc6 {[%emt 0:00:00]} 6. Bd3 {[%emt 0:00:04]} e6 {[%emt 0:00:05]} 7. O-O {[%emt 0:00:03]} Bd6 {[%emt 0:00:02]} 8. Bxd6 {[%emt 0:00:05]} Qxd6 {[%emt 0:00:00]} 9. c3 {[%emt 0:00:02]} O-O {[%emt 0:00:03]} 10. Qe2 {[%emt 0:00:04]} h6 {[%emt 0:00:04]} 11. Ne5 {[%emt 0:00:04]} Nd7 {[%emt 0:00:03]} 12. f4 {[%emt 0:00:06]} f5 {[%emt 0:00:14]} 13. Nxd7 {[%emt 0:00:06]} Bxd7 {[%emt 0:00:05]} 14. Nd2 {[%emt 0:00:01]} a6 {[%emt 0:00:07]} 15. Rae1 {[%emt 0:00:06]} Rae8 {[%emt 0:00:02]} 16. Nb3 {[%emt 0:00:06]} a5 {[%emt 0:00:11]} 17. Nc5 {[%emt 0:00:04]} b6 {[%emt 0:00:05]} 18. Nxd7 {[%emt 0:00:04]} Qxd7 {[%emt 0:00:00]} 19. Rf3 {[%emt 0:00:06]} Qd6 {[%emt 0:00:03]} 20. Re3 {[%emt 0:00:04]} Rf6 {[%emt 0:00:05]} 21. g3 {[%emt 0:00:05]} Re7 {[%emt 0:00:04] lazieri3 offers a draw lazieri3 offers a draw lazieri3 offers a draw} 1/2-1/2

[Event "Stay Safe Play From Home 413"]
[Site "Emanuel Lasker Arena"]
[Date "2020.08.26"]
[Round "6"]
[White "Don59as"]
[Black "ionelluca"]
[Result "1-0"]
[WhiteElo "2050"]
[BlackElo "2052"]
[Annotator "NA"]
[PlyCount "53"]
[EventDate "2020.08.26"]
[EventType "swiss (blitz)"]

1. c4 {[%emt 0:00:03]} Nf6 {[%emt 0:00:13]} 2. Nc3 {[%emt 0:00:12]} d5 {[%emt 0:00:04]} 3. cxd5 {[%emt 0:00:14]} Nxd5 {[%emt 0:00:01]} 4. d4 {[%emt 0:00:02]} Nxc3 {[%emt 0:00:04]} 5. bxc3 {[%emt 0:00:02]} c6 {[%emt 0:00:03]} 6. e4 {[%emt 0:00:03]} g6 {[%emt 0:00:01]} 7. Bc4 {[%emt 0:00:03]} Bg7 {[%emt 0:00:01]} 8. Ne2 {[%emt 0:00:01]} O-O {[%emt 0:00:05]} 9. O-O {[%emt 0:00:01]} b5 {[%emt 0:00:03]} 10. Bb3 {[%emt 0:00:03]} a6 {[%emt 0:00:03]} 11. Be3 {[%emt 0:00:02]} Nd7 {[%emt 0:00:02]} 12. f4 {[%emt 0:00:01]} Nb6 {[%emt 0:00:05]} 13. h3 {[%emt 0:00:01]} Nc4 {[%emt 0:00:02]} 14. Bxc4 {[%emt 0:00:01]} bxc4 {[%emt 0:00:01]} 15. Qd2 {[%emt 0:00:04]} Rb8 {[%emt 0:00:02]} 16. f5 {[%emt 0:00:03]} e6 {[%emt 0:00:09]} 17. fxg6 {[%emt 0:00:06]} fxg6 {[%emt 0:00:07]} 18. Bh6 {[%emt 0:00:03]} Qh4 {[%emt 0:00:16]} 19. Rxf8+ {[%emt 0:00:11]} Bxf8 {[%emt 0:00:06]} 20. Bxf8 {[%emt 0:00:05]} Kxf8 {[%emt 0:00:01]} 21. Rf1+ {[%emt 0:00:03]} Kg7 {[%emt 0:00:01]} 22. Rf4 {[%emt 0:00:06]} Rb1+ {[%emt 0:00:01]} 23. Kh2 {[%emt 0:00:03]} Qe1 {[%emt 0:00:01]} 24. Qe3 {[%emt 0:00:20]} Rb2 {[%emt 0:00:28]} 25. Rf2 {[%emt 0:00:07]} Rxe2 {[%emt 0:02:04]} 26. Rxe2 {[%emt 0:00:07]} Qh4 {[%emt 0:00:01]} 27. Qg3 {[%emt 0:00:10] ionelluca resigns ionelluca resigns ionelluca resigns (Lag: Av=0.62s, max=1.2s) (Lag: Av=0.62s, max=1.2s) (Lag: Av=0.62s, max=1.2s)} 1-0

[Event "Stay Safe Play From Home 413"]
[Site "Emanuel Lasker Arena"]
[Date "2020.08.26"]
[Round "6"]
[White "Dukic"]
[Black "Tvtower68"]
[Result "1-0"]
[WhiteElo "1835"]
[BlackElo "1750"]
[Annotator "NA"]
[PlyCount "99"]
[EventDate "2020.08.26"]
[EventType "swiss (blitz)"]

1. c4 {[%emt 0:00:04]} e5 {[%emt 0:00:01]} 2. Nc3 {[%emt 0:00:00]} Nf6 {[%emt 0:00:01]} 3. Nf3 {[%emt 0:00:00]} d6 {[%emt 0:00:03]} 4. d4 {[%emt 0:00:01]} e4 {[%emt 0:00:01]} 5. Ng5 {[%emt 0:00:02]} Bf5 {[%emt 0:00:02]} 6. Qc2 {[%emt 0:00:01]} Nc6 {[%emt 0:00:04]} 7. e3 {[%emt 0:00:08]} Nb4 {[%emt 0:00:03]} 8. Qa4+ {[%emt 0:00:01]} Nc6 {[%emt 0:00:06]} 9. d5 {[%emt 0:00:01]} h6 {[%emt 0:00:06]} 10. Nh3 {[%emt 0:00:03]} Bd7 {[%emt 0:00:26]} 11. dxc6 {[%emt 0:00:01]} Bxc6 {[%emt 0:00:01]} 12. Qc2 {[%emt 0:00:02]} Be7 {[%emt 0:00:04]} 13. b4 {[%emt 0:00:04]} b6 {[%emt 0:00:04]} 14. b5 {[%emt 0:00:02]} Bb7 {[%emt 0:00:01]} 15. Bb2 {[%emt 0:00:01]} O-O {[%emt 0:00:01]} 16. Rd1 {[%emt 0:00:01]} a6 {[%emt 0:00:04]} 17. a4 {[%emt 0:00:02]} c5 {[%emt 0:00:04]} 18. Nf4 {[%emt 0:00:04]} Re8 {[%emt 0:00:19]} 19. Be2 {[%emt 0:00:06]} Bf8 {[%emt 0:00:01]} 20. O-O {[%emt 0:00:03]} Re5 {[%emt 0:00:07]} 21. Ncd5 {[%emt 0:00:03]} Nxd5 {[%emt 0:00:10]} 22. Nxd5 {[%emt 0:00:32]} Rg5 {[%emt 0:00:18]} 23. Qxe4 {[%emt 0:00:03]} axb5 {[%emt 0:00:08]} 24. axb5 {[%emt 0:00:03]} Ra2 {[%emt 0:00:03]} 25. Qb1 {[%emt 0:00:04]} Qa8 {[%emt 0:00:15]} 26. f4 {[%emt 0:00:04]} Rg6 {[%emt 0:00:06]} 27. Bf3 {[%emt 0:00:10]} Qa7 {[%emt 0:00:14]} 28. Be4 {[%emt 0:00:09]} Re6 {[%emt 0:00:07]} 29. Bf3 {[%emt 0:00:17]} Ra4 {[%emt 0:00:03]} 30. Qc2 {[%emt 0:00:02]} Ra2 {[%emt 0:00:10]} 31. e4 {[%emt 0:00:04]} Bxd5 {[%emt 0:00:09]} 32. cxd5 {[%emt 0:00:10]} Rf6 {[%emt 0:00:01]} 33. g3 {[%emt 0:00:07]} Rg6 {[%emt 0:00:02]} 34. Ra1 {[%emt 0:00:02]} h5 {[%emt 0:00:07]} 35. Bxh5 {[%emt 0:00:03]} Rh6 {[%emt 0:00:01]} 36. Bf3 {[%emt 0:00:02]} Be7 {[%emt 0:00:18]} 37. Qb3 {[%emt 0:00:03]} Ra5 {[%emt 0:00:09]} 38. Bc3 {[%emt 0:00:02]} Rxa1 {[%emt 0:00:10]} 39. Rxa1 {[%emt 0:00:02]} Qd7 {[%emt 0:00:01]} 40. f5 {[%emt 0:00:25]} Bg5 {[%emt 0:00:10]} 41. Kg2 {[%emt 0:00:10]} g6 {[%emt 0:00:05]} 42. Bg4 {[%emt 0:00:04]} f6 {[%emt 0:00:03]} 43. h3 {[%emt 0:00:03]} Qe7 {[%emt 0:00:04]} 44. Qc4 {[%emt 0:00:02]} Be3 {[%emt 0:00:10]} 45. fxg6 {[%emt 0:00:02]} Rxg6 {[%emt 0:00:06]} 46. Be6+ {[%emt 0:00:06]} Kh7 {[%emt 0:00:03]} 47. Bf5 {[%emt 0:00:03]} Qg7 {[%emt 0:00:04]} 48. Qe2 {[%emt 0:00:04]} Bf4 {[%emt 0:00:02]} 49. Qh5+ {[%emt 0:00:02]} Bh6 {[%emt 0:00:02]} 50. Ra7 {[%emt 0:00:11] Time Time Time (Lag: Av=0.33s, max=0.5s) (Lag: Av=0.33s, max=0.5s) (Lag: Av=0.33s, max=0.5s)} 1-0